Guess The Artist By Letter (J) - Statistics

General Stats
  • This quiz has been taken 81 times
  • The average score is 6 of 18
Answer Stats
Hint Answer % Correct
Imagine John Lennon
87%
SexyBack Justin Timberlake
86%
Ring of Fire Johnny Cash
79%
Baby Justin Bieber
70%
White Rabbit Jefferson Airplane
56%
Centerfold J Geil's Band
49%
Time In A Bottle Jim Croce
37%
Virtual Insanity Jamiroquai
30%
Love Me Again John Newman
18%
Upside Down Jack Johnson
17%
Move Your Feet Junior Senior
17%
(Your Love Keeps Lifting Me) Higher and Higher Jackie Wilson
15%
Come A Little Bit Closer Jay & The Americans
11%
Eastbound and Down Jerry Reed
11%
Sky High Jigsaw
11%
Lazaretto Jack White
8%
Games People Play Joe South
7%
Got What I Got Jason Aldean
4%
No matching quizzes found
Score Distribution
Percent of People with Each Score
Percentile by Number Answered
Your Score History
You have not taken this quiz